Implementácia CAx systému CATIA v procese designu, návrhu a výroby v letectve

CATIA ako software pre 3D počítačové konštruovanie v oblastiach CAD/CAM/CAE a najrozšírenejší CAx systém v leteckom priemysle na svete. Umožňuje variačné modelovanie v kombinácii s parametrickým, kombinuje v jednom návrhu plošné (surface) i objemové (solid) elementy. Má nenáročné a prehľadné užívate...

Ausführliche Beschreibung

Gespeichert in:
Bibliographische Detailangaben
1. Verfasser: Daneshjo, Naqibullah, 1964-
Weitere Verfasser: Stratyinski, Cristian Dan, Kohla, Andreas, Dietrich, Christian
Format: Buchkapitel
Sprache:Slowakisch
Schlagworte:
Tags: Tag hinzufügen
Keine Tags, Fügen Sie das erste Tag hinzu!

MARC

LEADER 00000naa a2200000 4500
001 0270213
005 20240502074230.8
041 0 |a slo 
044 |a SK 
245 1 0 |a Implementácia CAx systému CATIA v procese designu, návrhu a výroby v letectve  |c Naqibullah Daneshjo, Cristian Dan Stratyinski, Andreas Kohla, Christian Dietrich 
520 |a CATIA ako software pre 3D počítačové konštruovanie v oblastiach CAD/CAM/CAE a najrozšírenejší CAx systém v leteckom priemysle na svete. Umožňuje variačné modelovanie v kombinácii s parametrickým, kombinuje v jednom návrhu plošné (surface) i objemové (solid) elementy. Má nenáročné a prehľadné užívateľské prostredie s prepracovanou vnútornou architektúrou, vhodné pre všetky typy užívateľov a priemyselné odbory. 
610 2 0 |a priemysel letecký 
610 2 0 |a flexibilita 
610 2 0 |a softvér 
610 2 0 |a modelovanie 
100 1 |a Daneshjo, Naqibullah, 1964- 
700 1 |a Stratyinski, Cristian Dan 
700 1 |a Kohla, Andreas 
700 1 |a Dietrich, Christian